| 000 | 00471nam a2200193Ia 4500 | ||
|---|---|---|---|
| 003 | GCL | ||
| 008 | 140319s9999 xx 000 0 eng d | ||
| 040 |
_aGCL / _cGCL |
||
| 082 | 0 | 4 |
_a390 _bJ F |
| 100 | 1 | _aJABBOUR, ALAN | |
| 245 | 1 | 0 |
_aFOLKLIFE: ANNUAL 1987 / _cJABBOUR, ALAN |
| 700 | 1 | _aHARDIN, JAMES | |
| 260 |
_a[S.N] : _bLIBRARY OF CONGRESS ، _c1988 |
||
| 300 | _a159 P | ||
| 650 | 0 | 4 | _aCULTURE |
| 650 | 0 | 4 | _aFOLKTALES |
| 650 | 0 | 4 | _aFOLK LIFE |
| 942 |
_2ddc _cBK |
||
| 999 |
_c22084 _d22084 |
||